kku e-library facility

Computational Plasma Physics (Record no. 212)

MARC details
000 -LEADER
fixed length control field 00382nam a2200133 4500
005 - DATE AND TIME OF LATEST TRANSACTION
control field 20260410122050.0
008 - FIXED-LENGTH DATA ELEMENTS--GENERAL INFORMATION
fixed length control field 260410b |||||||| |||| 00| 0 eng d
020 ## - INTERNATIONAL STANDARD BOOK NUMBER
International Standard Book Number 978-93-5269-646-8
100 ## - MAIN ENTRY--PERSONAL NAME
Personal name Sudan Madhu
245 ## - TITLE STATEMENT
Title Computational Plasma Physics
Statement of responsibility, etc. /Madhun Sudan
260 ## - PUBLICATION, DISTRIBUTION, ETC.
Place of publication, distribution, etc. New Delhi, India;
Name of publisher, distributor, etc. Random Publications;
Date of publication, distribution, etc. 2020
300 ## - PHYSICAL DESCRIPTION
Extent viii,296p.ill;
Dimensions 24cm
942 ## - ADDED ENTRY ELEMENTS (KOHA)
Source of classification or shelving scheme Library of Congress Classification
Suppress in OPAC No
Koha item type Books

No items available.

©2025 All rights reserved. KKU